Orientamento educativo e accompagnamento vocazionale / (Record n. 20335)

000 -LEADER
fixed length control field 00591nam a22001937i 4500
001 - CONTROL NUMBER
control field IT\ICCU\PUV\0534638
003 - CONTROL NUMBER IDENTIFIER
control field ItRI
005 - DATE AND TIME OF LATEST TRANSACTION
control field 20240715111437.0
008 - FIXED-LENGTH DATA ELEMENTS--GENERAL INFORMATION
fixed length control field 000331s2000 it |||||| ||||| |||||c
020 ## - INTERNATIONAL STANDARD BOOK NUMBER
International Standard Book Number 8801017898
040 ## - CATALOGING SOURCE
Language of cataloging ita
Transcribing agency IUSTO
041 #7 - LANGUAGE CODE
Language code of text/sound track or separate title ita
Source of code ISO-639-2
082 ## - DEWEY DECIMAL CLASSIFICATION NUMBER
Classification number 371.42
100 1# - MAIN ENTRY--PERSONAL NAME
Personal name De Pieri, Severino
Authority record control number or standard number IT\ICCU\CFIV\008630
Relator code aut
245 10 - TITLE STATEMENT
Title Orientamento educativo e accompagnamento vocazionale /
Statement of responsibility, etc. Severino De Pieri.
260 ## - PUBLICATION, DISTRIBUTION, ETC.
Place of publication, distribution, etc. Leumann, \Rivoli! :
Name of publisher, distributor, etc. Elledici,
Date of publication, distribution, etc. \2000!
300 ## - PHYSICAL DESCRIPTION
Extent 142 p. ;
Dimensions 21 cm.
830 #0 - SERIES ADDED ENTRY--UNIFORM TITLE
Uniform title Sistema preventivo ;
Volume/sequential designation 8
Authority record control number or standard number IT\ICCU\PUV\0534639
982 #1 - EQUIVALENCE OR CROSS-REFERENCE-SERIES STATEMENT--CONFERENCE OR MEETING NAME/TITLE [LOCAL, CANADA]
Linkage z01
Meeting name or jurisdiction name as entry element n
942 ## - ADDED ENTRY ELEMENTS (KOHA)
Source of classification or shelving scheme
Koha item type Libro
981 #1 - EQUIVALENCE OR CROSS-REFERENCE-SERIES STATEMENT--CORPORATE NAME/TITLE [LOCAL, CANADA]
Linkage z01
Corporate name or jurisdiction name as entry element i
Subordinate unit xxxe
Dati di copia
Withdrawn status Lost status Source of classification or shelving scheme Damaged status Not for loan Permanent Location Current Location Date acquired Full call number Barcode Date last seen Price effective from Public note Koha item type
          Fondo IUSTO Fondo IUSTO 2017-03-05 ORI.78 20155634 2017-03-05 2017-03-05 Sala consultazione Libro
          Fondo IUSTO Fondo IUSTO 2017-03-05 ORI.83 20155653 2017-03-05 2017-03-05 Sala consultazione Libro
          Fondo Viglietti Fondo Viglietti 2016-12-30 C II 01295 / 1 14318 2016-12-30 2016-12-30 dep. 2 - piano terra - 21/27  
          Fondo Viglietti Fondo Viglietti 2016-12-30 V III 00025 14733 2016-12-30 2016-12-30 dep. 2 - primo piano - 46  

© 2023 IUSTO - Istituto Universitario Salesiano Torino Rebaudengo

Contatti:
  • Email
  • Instagram
  • Gestito con Koha